000 00422nam a2200169 a 4500
001 0000-9162
003 ELIB.Books
008 110520 1986
035 _a(ELIB.Books)0000-9314
082 _a266
_bWCC
100 _aWCC
245 _aUrban, Rural, Mission Reflections
260 _bGeneva: World Council of Churches
_c1986
650 _aMission
942 _2ddc
_cBK
998 _cbat
_e2011-05-20
999 _c9162
_d9162